Elements Named After People - Sudden Death - Statistics

General Stats
  • This quiz has been taken 15 times
  • The average score is 14 of 16
Answers on the Grid
Answers color-coded by a green-red scale on the quiz's grid according to % correct below.
Copernicium
Curium
Einsteinium
Fermium
Flerovium
Gadolinium
Lawrencium
Meitnerium
Mendelevium
Nobelium
Oganesson
Roentgenium
Rutherfordium
Samarium
Seaborgium
Bohrium
Polonium
Boron
Aluminum
Phosphorus
Magnesium
Actinium
Berkelium
Carbon
Darmstadtium
Copper
Iridium
Lanthanum
Neodymium
Radon
Hydrogen
Gold
 
Answer Stats
Answer % Correct
Einsteinium
100%
Lawrencium
100%
Mendelevium
100%
Rutherfordium
100%
Copernicium
92%
Curium
92%
Nobelium
92%
Fermium
85%
Roentgenium
85%
Bohrium
77%
Gadolinium
77%
Meitnerium
77%
Samarium
77%
Seaborgium
77%
Flerovium
69%
Oganesson
69%
No matching quizzes found
Score Distribution
Percent of People with Each Score
Percentile by Number Answered
Your Score History
You have not taken this quiz